000 00572nam a22001937a 4500
999 _c7756
_d7756
003 OSt
005 20220301123157.0
008 220301b ||||| |||| 00| 0 eng d
020 _a9780521140553
040 _cDDC
082 _a321.8 BUI 2011
100 _aSchollte, Jan Aart
_915815
245 _aBuilding global democrancy
_b: Civil society and accountable global governance
260 _aNew york
_b:Cambridge university
_c, 2011
300 _axxv, 397p.
_c; 22 cm
504 _aBibliography Index
650 _aInternational organisation
_915816
942 _2ddc
_cBOOK